00679cam a22003014i 4500003000900000005001700009008004100026035001900067040003300086082001700119100003000136245004100166264000500207336002100212337002500233338002300258526001000281526001000291526001000301526001000311526000800321526000800329526000800337526000800345526000800353526000800361526000800369PE-LiUPU20250731173231.0150625s r 000 0 d a(Sirsi) a34653 aPE-LiUPUbspacPE-LiUPUerda04a230bP192211 aPalmer, Edwin H.,eautor.10aDoctrinas Claves /cEdwin H. Palmer. 1a atext2rdacontent aunmediated2rdamedia avolume2rdacarrier aSEG42 aSEG41 aSEG40 aSEG39 aP94 aP87 aP86 aP85 aP77 aP76 aP35